000 00608nam a2200181Ia 4500
008 151018s9999 xx 000 0 und d
082 _bRBASDV57673
_a891.463
100 _aव्यंकटेश माडगुळकर
245 _aमी आणि माझा बाप
250 _b3
260 _bक्ष
_c2012
300 _a72
600 _aव्यंकटेश माडगुळकर
630 _aमी आणि माझा बाप
700 _aव्यंकटेश माडगुळकर
730 _aमी आणि माझा बाप
942 _cBOOK
999 _c1052939
_d1052936